Normal view
MARC view
Entry Personal Name
001 - CONTROL NUMBER
- control field: 384411
003 - CONTROL NUMBER IDENTIFIER
- control field: OSt
005 - DATE AND TIME OF LATEST TRANSACTION
- control field: 20220927112847.0
008 - FIXED-LENGTH DATA ELEMENTS
- fixed length control field: 220927|| aca||aabn | a|a d
040 ## - CATALOGING SOURCE
- Original cataloging agency: OSt
- Transcribing agency: OSt
100 ## - HEADING--PERSONAL NAME
- Personal name: "United Nation, Interregional Seminal on Govt. Accounting and financial management."
670 ## - SOURCE DATA FOUND
- Source citation: Work cat.: (OSt)700824: "United Nation, Interregional Seminal on Govt. Accounting and financial management." 384410, Report., 1970
